[Event "Madrid-ch Sub12 2022"]
[Site "Madrid ESP"]
[Date "2022.04.03"]
[Round "3.6"]
[White "Rodriguez Claes, Adrian"]
[Black "Bozhkov Stoyanov, Cristopher"]
[Result "1/2-1/2"]
[WhiteElo "1430"]
[BlackElo "1395"]
[PlyCount "55"]
[EventDate "2022.04.02"]
[EventType "swiss"]
[EventRounds "6"]
[EventCountry "ESP"]
[SourceTitle "Ajedrez en Madrid"]
[Source "lmi"]
[SourceDate "2022.07.30"]
[SourceVersion "1"]
[SourceVersionDate "2022.07.30"]
[SourceQuality "1"]

1. d4 d5 2. Nf3 Nf6 3. Bf4 e6 4. e3 Bd6 5. Bxd6 Qxd6 6. Bd3 Nbd7 7. c4 c6 8. c5
Qc7 9. O-O e5 10. dxe5 Nxe5 11. Nxe5 Qxe5 12. Nc3 O-O 13. h3 Bf5 14. Qe2 Bxd3
15. Qxd3 Rad8 16. Rad1 Ne4 17. Nxe4 Qxe4 18. Qxe4 dxe4 19. Rd4 Rxd4 20. exd4
Rd8 21. Rd1 f5 22. Kf1 Kf7 23. Ke2 Ke6 24. Ke3 Kd5 25. b3 g5 26. f4 gxf4+ 27.
Kxf4 Rg8 28. Rd2 1/2-1/2

[Event "Madrid-ch Sub12 2022"]
[Site "Madrid ESP"]
[Date "2022.04.03"]
[Round "3.7"]
[White "Sanchez Villodres, Mario"]
[Black "Morales Clares, Aaron"]
[Result "1-0"]
[WhiteElo "1388"]
[BlackElo "1130"]
[PlyCount "67"]
[EventDate "2022.04.02"]
[EventType "swiss"]
[EventRounds "6"]
[EventCountry "ESP"]
[SourceTitle "Ajedrez en Madrid"]
[Source "lmi"]
[SourceDate "2022.07.30"]
[SourceVersion "1"]
[SourceVersionDate "2022.07.30"]
[SourceQuality "1"]

1. d4 d5 2. c4 e6 3. Nc3 Be7 4. Bf4 Nf6 5. e3 c6 6. Nf3 O-O 7. Bd3 Nbd7 8. O-O
b6 9. cxd5 cxd5 10. Nb5 Bb7 11. Rc1 a6 12. Bc7 Qe8 13. Nd6 Bxd6 14. Bxd6 Qd8
15. Bxf8 Nxf8 16. Ne5 Qe8 17. Rc7 Rb8 18. Nxf7 N8d7 19. Nd6 Qd8 20. Nxb7 Qxc7
21. Bxa6 Ra8 22. Bd3 Qxb7 23. a3 e5 24. f4 exd4 25. exd4 Qa7 26. g4 h6 27. g5
hxg5 28. fxg5 Nh7 29. h4 Ndf8 30. h5 g6 31. Qf3 Qg7 32. Qxd5+ Kh8 33. Rf7 Qg8
34. Qe5+ 1-0

[Event "Madrid-ch Sub12 2022"]
[Site "Madrid ESP"]
[Date "2022.04.03"]
[Round "3.8"]
[White "Pantiga Aguilar, Alejandro"]
[Black "Lopez Lopez, Pablo"]
[Result "0-1"]
[WhiteElo "1130"]
[BlackElo "1238"]
[PlyCount "98"]
[EventDate "2022.04.02"]
[EventType "swiss"]
[EventRounds "6"]
[EventCountry "ESP"]
[SourceTitle "Ajedrez en Madrid"]
[Source "lmi"]
[SourceDate "2022.07.30"]
[SourceVersion "1"]
[SourceVersionDate "2022.07.30"]
[SourceQuality "1"]

1. e4 c5 2. Nf3 Nc6 3. d4 cxd4 4. Nxd4 Nf6 5. Nc3 e5 6. Nf3 Bb4 7. Bd3 d5 8.
exd5 Nxd5 9. O-O Nxc3 10. bxc3 Bxc3 11. Rb1 Be6 12. Rxb7 Bxa2 13. Ng5 h6 14.
Ne4 Bd4 15. Be3 O-O 16. Bxd4 Nxd4 17. c3 Bd5 18. Rb2 Nc6 19. c4 Bxe4 20. Bxe4
Qc7 21. Qb1 Rab8 22. Rxb8 Rxb8 23. Qc1 Nd4 24. Kh1 Nb3 25. Qc3 Nc5 26. Bb1 Na4
27. Qc2 Qb6 28. Qh7+ Kf8 29. h3 f6 30. c5 Nxc5 31. Qh8+ Kf7 32. Ba2+ Ne6 33.
Bxe6+ Kxe6 34. Qxg7 h5 35. Rd1 Qb7 36. Qg6 Qf7 37. Qd3 Qc7 38. Qd5+ Ke7 39. Qf3
Qc2 40. Qa3+ Ke8 41. Qd6 Rb1 42. Qd8+ Kf7 43. Qd7+ Kg6 44. Rxb1 Qxb1+ 45. Kh2
Qf5 46. Qe8+ Kg5 47. Qg8+ Qg6 48. Qb3 Qf5 49. Qe3+ Qf4+ 0-1

[Event "Madrid-ch Sub12 2022"]
[Site "Madrid ESP"]
[Date "2022.04.09"]
[Round "4.1"]
[White "Feal Albala, Alonso"]
[Black "Jimenez Carrazoni, Marta Elena"]
[Result "1-0"]
[WhiteElo "1842"]
[BlackElo "1528"]
[PlyCount "59"]
[EventDate "2022.04.02"]
[EventType "swiss"]
[EventRounds "6"]
[EventCountry "ESP"]
[SourceTitle "Ajedrez en Madrid"]
[Source "lmi"]
[SourceDate "2022.07.30"]
[SourceVersion "1"]
[SourceVersionDate "2022.07.30"]
[SourceQuality "1"]

1. e4 c5 2. Nf3 Nc6 3. d4 cxd4 4. Nxd4 e5 5. Nb5 d6 6. N1c3 a6 7. Na3 Be6 8.
Nc4 b5 9. Ne3 Nf6 10. Ned5 Bxd5 11. exd5 Nd4 12. Be3 Nf5 13. a4 Nxe3 14. fxe3
b4 15. Na2 Qb6 16. Qd2 Rb8 17. Nc1 e4 18. Nb3 a5 19. Bb5+ Kd8 20. O-O Be7 21.
Nd4 Rb7 22. Rac1 Kc7 23. Nc6 Kc8 24. c3 Bd8 25. cxb4 Rc7 26. bxa5 Qb7 27. a6
Qa8 28. Nxd8 Kxd8 29. Rxc7 Kxc7 30. Qa5+ 1-0

[Event "Madrid-ch Sub12 2022"]
[Site "Madrid ESP"]
[Date "2022.04.09"]
[Round "4.2"]
[White "Mata Medina, Andres"]
[Black "Rey Martinez, Jaime"]
[Result "0-1"]
[WhiteElo "1439"]
[BlackElo "2133"]
[PlyCount "60"]
[EventDate "2022.04.02"]
[EventType "swiss"]
[EventRounds "6"]
[EventCountry "ESP"]
[SourceTitle "Ajedrez en Madrid"]
[Source "lmi"]
[SourceDate "2022.07.30"]
[SourceVersion "1"]
[SourceVersionDate "2022.07.30"]
[SourceQuality "1"]

1. d4 d5 2. c4 e6 3. Nf3 c6 4. Bg5 Be7 5. Bxe7 Qxe7 6. cxd5 exd5 7. e3 Nf6 8.
Nc3 O-O 9. Be2 Bf5 10. O-O Nbd7 11. Rc1 Rfe8 12. Qd2 Qd6 13. Rfd1 Ne4 14. Nxe4
Bxe4 15. Ng5 Bf5 16. Bd3 Qg6 17. Nf3 Be4 18. Bxe4 Rxe4 19. Qd3 Qf6 20. Nd2 Re7
21. Nf1 Rae8 22. Ng3 g6 23. Qb3 Nb6 24. Qd3 Nc4 25. b3 Nb2 26. Qc2 Nxd1 27.
Rxd1 Qd6 28. Qb2 a5 29. Ne2 b5 30. Nf4 Qxf4 0-1

[Event "Madrid-ch Sub12 2022"]
[Site "Madrid ESP"]
[Date "2022.04.09"]
[Round "4.3"]
[White "Bozhkov Stoyanov, Cristopher"]
[Black "Rico Ropero, Marcos"]
[Result "1-0"]
[WhiteElo "1395"]
[BlackElo "1231"]
[PlyCount "65"]
[EventDate "2022.04.02"]
[EventType "swiss"]
[EventRounds "6"]
[EventCountry "ESP"]
[SourceTitle "Ajedrez en Madrid"]
[Source "lmi"]
[SourceDate "2022.07.30"]
[SourceVersion "1"]
[SourceVersionDate "2022.07.30"]
[SourceQuality "1"]

1. d4 d5 2. Nf3 Nc6 3. e3 e6 4. c3 Bd6 5. Bd3 Nf6 6. Nbd2 O-O 7. O-O e5 8. dxe5
Nxe5 9. Nxe5 Bxe5 10. h3 Qe7 11. e4 dxe4 12. Nxe4 Nxe4 13. Bxe4 Bf6 14. Re1 Qc5
15. Be3 Qe5 16. Bd4 Qg5 17. Bxf6 Qxf6 18. Re3 Be6 19. Qc2 Kh8 20. Rd1 Rad8 21.
Red3 c6 22. a3 Rxd3 23. Rxd3 Qg5 24. Rg3 Qf6 25. Rf3 Qh6 26. b4 Qg5 27. Bxh7 g6
28. Bxg6 f5 29. Rg3 Qf6 30. Bh5 f4 31. Rg6 Qe5 32. Rh6+ Kg8 33. Qh7# 1-0

[Event "Madrid-ch Sub12 2022"]
[Site "Madrid ESP"]
[Date "2022.04.09"]
[Round "4.4"]
[White "Melgar Morraja, Mateo"]
[Black "Rodriguez Claes, Adrian"]
[Result "1-0"]
[WhiteElo "1463"]
[BlackElo "1430"]
[PlyCount "91"]
[EventDate "2022.04.02"]
[EventType "swiss"]
[EventRounds "6"]
[EventCountry "ESP"]
[SourceTitle "Ajedrez en Madrid"]
[Source "lmi"]
[SourceDate "2022.07.30"]
[SourceVersion "1"]
[SourceVersionDate "2022.07.30"]
[SourceQuality "1"]

1. e4 c5 2. Nf3 d6 3. d4 cxd4 4. Nxd4 Nf6 5. Nc3 a6 6. f3 e5 7. Nb3 Be6 8. Be3
Be7 9. Qd2 O-O 10. g4 d5 11. exd5 Nxd5 12. Nxd5 Bxd5 13. Bg2 Bh4+ 14. Bf2 Bxb3
15. Qxd8 Bxf2+ 16. Kxf2 Rxd8 17. Rad1 Nc6 18. axb3 Nb4 19. c3 Nd3+ 20. Ke3 Nxb2
21. Rd2 Rxd2 22. Kxd2 Rd8+ 23. Kc2 Rd7 24. f4 exf4 25. Be4 Re7 26. Re1 Kf8 27.
Re2 g6 28. Kxb2 f5 29. gxf5 gxf5 30. Bd3 Re3 31. Kc2 Kf7 32. Rxe3 fxe3 33. Bxf5
Kf6 34. Bxh7 Ke5 35. Kd3 Kf4 36. Ke2 b5 37. h4 a5 38. h5 Kg5 39. Bg6 a4 40.
bxa4 bxa4 41. Kxe3 a3 42. Bf7 Kf6 43. Ba2 Kg5 44. Ke4 Kxh5 45. Kf5 Kh6 46. Kf6
1-0

[Event "Madrid-ch Sub12 2022"]
[Site "Madrid ESP"]
[Date "2022.04.09"]
[Round "4.5"]
[White "Collado Perez, Marcos"]
[Black "Ibañez Valentin, Gabriel"]
[Result "1/2-1/2"]
[WhiteElo "1118"]
[BlackElo "1105"]
[PlyCount "77"]
[EventDate "2022.04.02"]
[EventType "swiss"]
[EventRounds "6"]
[EventCountry "ESP"]
[SourceTitle "Ajedrez en Madrid"]
[Source "lmi"]
[SourceDate "2022.07.30"]
[SourceVersion "1"]
[SourceVersionDate "2022.07.30"]
[SourceQuality "1"]

1. c4 e5 2. Nc3 Nc6 3. Nf3 Nf6 4. e4 Bc5 5. Nxe5 Nxe5 6. d4 Bxd4 7. Qxd4 Nc6 8.
Qd3 d6 9. Be2 Nb4 10. Qd1 Nc6 11. Bg5 h6 12. Bh4 Ne5 13. Nd5 g5 14. Nxf6+ Qxf6
15. Bg3 b6 16. O-O Bb7 17. f4 Ng6 18. e5 dxe5 19. fxe5 Qe7 20. Bh5 O-O 21. Qe2
Rad8 22. e6 Kh7 23. Bxg6+ Kxg6 24. Qc2+ Kg7 25. Rxf7+ Rxf7 26. exf7 Qxf7 27.
Be5+ Kg8 28. Rf1 Qe6 29. Bf6 Be4 30. Qc3 Qg4 31. Qg3 Qxg3 32. hxg3 Rd2 33. Rf2
Rxf2 34. Kxf2 Kf7 35. Be5 c6 36. Bb8 a6 37. Ba7 b5 38. cxb5 cxb5 39. b4 1/2-1/2

[Event "Madrid-ch Sub12 2022"]
[Site "Madrid ESP"]
[Date "2022.04.09"]
[Round "4.6"]
[White "Herraiz Ciudad, Miguel"]
[Black "Zhao, Yuyang"]
[Result "1-0"]
[WhiteElo "1426"]
[BlackElo "1438"]
[PlyCount "55"]
[EventDate "2022.04.02"]
[EventType "swiss"]
[EventRounds "6"]
[EventCountry "ESP"]
[SourceTitle "Ajedrez en Madrid"]
[Source "lmi"]
[SourceDate "2022.07.30"]
[SourceVersion "1"]
[SourceVersionDate "2022.07.30"]
[SourceQuality "1"]

1. e4 c5 2. c3 Nc6 3. d4 e6 4. d5 Nce7 5. Nf3 Nf6 6. d6 Nc6 7. e5 Ng4 8. Bf4 f6
9. exf6 Nxf6 10. Na3 a6 11. Nc4 b6 12. Be2 g6 13. O-O Bg7 14. a4 O-O 15. Qc2
Rb8 16. h3 Qe8 17. Nce5 Nxe5 18. Bxe5 Nh5 19. Bh2 Bb7 20. Qd2 b5 21. Ne5 Bc6
22. Nxc6 dxc6 23. d7 Qe7 24. Bxb8 Rxb8 25. Bxh5 gxh5 26. Rad1 Rd8 27. Qd6 Bf8
28. Qxc6 1-0

[Event "Madrid-ch Sub12 2022"]
[Site "Madrid ESP"]
[Date "2022.04.09"]
[Round "4.7"]
[White "Lopez Lopez, Pablo"]
[Black "Sanchez Villodres, Mario"]
[Result "1/2-1/2"]
[WhiteElo "1238"]
[BlackElo "1388"]
[PlyCount "58"]
[EventDate "2022.04.02"]
[EventType "swiss"]
[EventRounds "6"]
[EventCountry "ESP"]
[SourceTitle "Ajedrez en Madrid"]
[Source "lmi"]
[SourceDate "2022.07.30"]
[SourceVersion "1"]
[SourceVersionDate "2022.07.30"]
[SourceQuality "1"]

1. d4 e6 2. e4 d5 3. e5 c5 4. c3 Nc6 5. Nf3 Nh6 6. Bd3 cxd4 7. cxd4 Nf5 8. Bxf5
exf5 9. Nc3 Be7 10. Qb3 Bb4 11. O-O Bxc3 12. bxc3 O-O 13. Bg5 Qd7 14. Qc2 h6
15. Be3 Qd8 16. Rab1 Rb8 17. Bc1 Be6 18. Ba3 Re8 19. Bd6 Rc8 20. Rxb7 g5 21.
Bc5 Ra8 22. Qa4 Qc8 23. Rfb1 Rd8 24. Bd6 Rd7 25. Rxd7 Bxd7 26. Qb3 Be6 27. h3
Qd8 28. Qb7 Qe8 29. Nh2 Rc8 1/2-1/2

[Event "Madrid-ch Sub12 2022"]
[Site "Madrid ESP"]
[Date "2022.04.09"]
[Round "4.8"]
[White "Morales Clares, Aaron"]
[Black "Pantiga Aguilar, Alejandro"]
[Result "1-0"]
[WhiteElo "1130"]
[BlackElo "1130"]
[PlyCount "43"]
[EventDate "2022.04.02"]
[EventType "swiss"]
[EventRounds "6"]
[EventCountry "ESP"]
[SourceTitle "Ajedrez en Madrid"]
[Source "lmi"]
[SourceDate "2022.07.30"]
[SourceVersion "1"]
[SourceVersionDate "2022.07.30"]
[SourceQuality "1"]

1. e4 e6 2. d4 d5 3. Nc3 Nf6 4. Bg5 Be7 5. e5 Nfd7 6. h4 Bxg5 7. hxg5 Qxg5 8.
Nh3 Qe7 9. g3 a6 10. Bg2 c5 11. Qg4 f6 12. Nf4 Nf8 13. Ncxd5 Qd8 14. Qh5+ g6
15. Nxf6+ Ke7 16. Qh6 Qa5+ 17. Kd1 Qb4 18. Qg7+ Kd8 19. Kc1 Bd7 20. Qxh8 cxd4
21. Nd3 Qe7 22. Rxh7 1-0

[Event "Madrid-ch Sub12 2022"]
[Site "Madrid ESP"]
[Date "2022.04.09"]
[Round "5.1"]
[White "Melgar Morraja, Mateo"]
[Black "Feal Albala, Alonso"]
[Result "1/2-1/2"]
[WhiteElo "1463"]
[BlackElo "1842"]
[PlyCount "124"]
[EventDate "2022.04.02"]
[EventType "swiss"]
[EventRounds "6"]
[EventCountry "ESP"]
[SourceTitle "Ajedrez en Madrid"]
[Source "lmi"]
[SourceDate "2022.07.30"]
[SourceVersion "1"]
[SourceVersionDate "2022.07.30"]
[SourceQuality "1"]

1. e4 c5 2. Nf3 Nc6 3. d4 cxd4 4. Nxd4 Nf6 5. Nc3 e5 6. Ndb5 d6 7. Bg5 a6 8.
Na3 b5 9. Nd5 Be7 10. Bxf6 Bxf6 11. c3 Bg5 12. Be2 O-O 13. O-O Ne7 14. Nxe7+
Qxe7 15. Nc2 Bb7 16. Bd3 Rad8 17. Nb4 Kh8 18. Qc2 Qe6 19. Qb3 Qg4 20. Nd5 Bf4
21. Rad1 Bc8 22. Nxf4 Qxf4 23. Rfe1 f5 24. exf5 Bxf5 25. Bxf5 Rxf5 26. Re2 e4
27. Qc2 Re8 28. Qd2 Qg4 29. h3 Qh5 30. Re3 d5 31. Rg3 Ref8 32. Qd4 Qf7 33. Rd2
h5 34. Qe3 Qf6 35. Rc2 Rc8 36. Rd2 Rc7 37. Qd4 Qxd4 38. Rxd4 Rcf7 39. Rd2 g5
40. Re3 Kg7 41. f3 exf3 42. Rxf3 Rxf3 43. gxf3 Rf5 44. Kg2 Kf6 45. Re2 Kf7 46.
Kg3 a5 47. Kg2 b4 48. cxb4 axb4 49. a3 d4 50. Rd2 bxa3 51. bxa3 Rd5 52. Kg3 Ke6
53. f4 Kf5 54. fxg5 Kxg5 55. h4+ Kf5 56. Kf3 d3 57. a4 Rd4 58. a5 Ra4 59. Rxd3
Rxa5 60. Kg3 Ke4 61. Rb3 Kf5 62. Kf3 Re5 1/2-1/2

[Event "Madrid-ch Sub12 2022"]
[Site "Madrid ESP"]
[Date "2022.04.09"]
[Round "5.2"]
[White "Rey Martinez, Jaime"]
[Black "Jimenez Carrazoni, Marta Elena"]
[Result "1-0"]
[WhiteElo "2133"]
[BlackElo "1528"]
[PlyCount "101"]
[EventDate "2022.04.02"]
[EventType "swiss"]
[EventRounds "6"]
[EventCountry "ESP"]
[SourceTitle "Ajedrez en Madrid"]
[Source "lmi"]
[SourceDate "2022.07.30"]
[SourceVersion "1"]
[SourceVersionDate "2022.07.30"]
[SourceQuality "1"]

1. e4 c5 2. Nc3 Nc6 3. Nge2 e6 4. d4 cxd4 5. Nxd4 Nf6 6. Ndb5 a6 7. Nd6+ Bxd6
8. Qxd6 Qe7 9. Qg3 Nh5 10. Qd3 h6 11. Be2 Nf6 12. Qg3 g6 13. O-O d6 14. Be3 Bd7
15. Rad1 e5 16. Bb6 Na7 17. Qd3 Nc8 18. Be3 Bc6 19. a4 g5 20. b4 O-O 21. h4 Nh7
22. Bg4 Bd7 23. Nd5 Qd8 24. Bf5 Bxf5 25. exf5 f6 26. Qe4 Re8 27. Qg4 Rf8 28.
Qh5 Qd7 29. Qg6+ Qg7 30. Qxg7+ Kxg7 31. Nc7 Rb8 32. Ne6+ Kf7 33. Nxf8 Nxf8 34.
h5 Ke7 35. Rd3 b5 36. axb5 Rxb5 37. Bd2 Nd7 38. Ra1 Rb6 39. Rda3 Rc6 40. c3 Nb8
41. Be3 Kd7 42. Kf1 Ne7 43. Ba7 Kc8 44. Bxb8 Kxb8 45. Rxa6 Rxa6 46. Rxa6 Nxf5
47. g4 Kb7 48. b5 Ne7 49. Rxd6 Ng8 50. Rd8 Ne7 51. Rd7+ 1-0

[Event "Madrid-ch Sub12 2022"]
[Site "Madrid ESP"]
[Date "2022.04.09"]
[Round "5.3"]
[White "Bozhkov Stoyanov, Cristopher"]
[Black "Herraiz Ciudad, Miguel"]
[Result "0-1"]
[WhiteElo "1395"]
[BlackElo "1426"]
[PlyCount "140"]
[EventDate "2022.04.02"]
[EventType "swiss"]
[EventRounds "6"]
[EventCountry "ESP"]
[SourceTitle "Ajedrez en Madrid"]
[Source "lmi"]
[SourceDate "2022.07.30"]
[SourceVersion "1"]
[SourceVersionDate "2022.07.30"]
[SourceQuality "1"]

1. d4 Nf6 2. Nf3 c5 3. c3 g6 4. e3 cxd4 5. exd4 Bg7 6. Bd3 O-O 7. O-O d5 8. Bf4
Nc6 9. Nbd2 Re8 10. Re1 Bd7 11. Ne5 Nh5 12. Bg3 Nxg3 13. hxg3 Nxe5 14. dxe5 Qc7
15. Qe2 h5 16. Nb3 e6 17. Nd4 a6 18. g4 hxg4 19. Rac1 Bc6 20. c4 g3 21. f4 dxc4
22. Rxc4 Qb6 23. Qe3 Bd5 24. Rc2 Bxa2 25. Nf3 Qxe3+ 26. Rxe3 Bh6 27. Ng5 Bxg5
28. fxg5 Rac8 29. Rxg3 Rxc2 30. Bxc2 Rc8 31. Rc3 Rxc3 32. bxc3 Bd5 33. g3 Kf8
34. Kf2 Ke7 35. Ke3 Kd7 36. Kd4 b6 37. c4 Bc6 38. Kc3 b5 39. cxb5 Bxb5 40. Kb4
Kc6 41. Be4+ Kb6 42. Kc3 Kc5 43. Bb7 Bc6 44. Bxa6 Kd5 45. Kd3 Kxe5 46. Ke3 Kf5
47. Be2 Kxg5 48. Bf3 Bxf3 49. Kxf3 f5 50. Kf2 Kg4 51. Kg2 e5 52. Kf2 f4 53.
gxf4 Kxf4 54. Kg2 Ke3 55. Kg3 e4 56. Kg4 Kf2 57. Kg5 e3 58. Kxg6 e2 59. Kf6
e1=Q 60. Kf5 Qe3 61. Kf6 Qe4 62. Kf7 Qe5 63. Kg6 Qf4 64. Kg7 Qf5 65. Kg8 Qd7
66. Kf8 Kf3 67. Kg8 Kf4 68. Kf8 Kf5 69. Kg8 Kg6 70. Kh8 Qc8# 0-1

[Event "Madrid-ch Sub12 2022"]
[Site "Madrid ESP"]
[Date "2022.04.09"]
[Round "5.4"]
[White "Ibañez Valentin, Gabriel"]
[Black "Mata Medina, Andres"]
[Result "1-0"]
[WhiteElo "1105"]
[BlackElo "1439"]
[PlyCount "89"]
[EventDate "2022.04.02"]
[EventType "swiss"]
[EventRounds "6"]
[EventCountry "ESP"]
[SourceTitle "Ajedrez en Madrid"]
[Source "lmi"]
[SourceDate "2022.07.30"]
[SourceVersion "1"]
[SourceVersionDate "2022.07.30"]
[SourceQuality "1"]

1. e4 e5 2. Nf3 Nc6 3. Bc4 Bc5 4. d3 Nf6 5. Nc3 h6 6. h3 d6 7. Bb3 O-O 8. O-O
Re8 9. Re1 Na5 10. Na4 Bb6 11. Bd2 Nxb3 12. axb3 Bd7 13. Nxb6 axb6 14. Rxa8
Qxa8 15. Qa1 b5 16. b4 b6 17. b3 Qc6 18. Qc3 Ra8 19. Qb2 Nh5 20. c4 Nf4 21.
Bxf4 exf4 22. Nd4 Qb7 23. Ra1 bxc4 24. bxc4 Ra7 25. b5 Qa8 26. Nb3 f5 27. f3
Rxa1+ 28. Qxa1 Qxa1+ 29. Nxa1 Kf7 30. Kf2 Be6 31. Nc2 Kf6 32. Nd4 Bd7 33. Ne2
g5 34. h4 fxe4 35. fxe4 Ke5 36. Kf3 g4+ 37. Kf2 h5 38. g3 f3 39. Nf4 Be8 40.
Ke3 Bf7 41. Nd5 Bxd5 42. cxd5 f2 43. d4+ Kf6 44. Kxf2 Kg6 45. Ke3 1-0

[Event "Madrid-ch Sub12 2022"]
[Site "Madrid ESP"]
[Date "2022.04.09"]
[Round "5.5"]
[White "Rico Ropero, Marcos"]
[Black "Collado Perez, Marcos"]
[Result "0-1"]
[WhiteElo "1231"]
[BlackElo "1118"]
[PlyCount "62"]
[EventDate "2022.04.02"]
[EventType "swiss"]
[EventRounds "6"]
[EventCountry "ESP"]
[SourceTitle "Ajedrez en Madrid"]
[Source "lmi"]
[SourceDate "2022.07.30"]
[SourceVersion "1"]
[SourceVersionDate "2022.07.30"]
[SourceQuality "1"]

1. d4 Nf6 2. e3 g6 3. Bd3 d5 4. Nd2 Bg7 5. f4 O-O 6. Ngf3 b6 7. b3 Bb7 8. O-O
Nbd7 9. Qe1 c5 10. c3 Ne4 11. Bxe4 dxe4 12. Ng5 Nf6 13. Ba3 Rc8 14. f5 Bh6 15.
Qg3 e5 16. fxg6 hxg6 17. Qxe5 Nh5 18. Ndxe4 Re8 19. Nf6+ Nxf6 20. Qxf6 Qxf6 21.
Rxf6 Bxg5 22. Rff1 Bxe3+ 23. Kh1 cxd4 24. cxd4 Rc2 25. Rg1 Bxg1 26. Rxg1 Ree2
27. Bb4 Bxg2+ 28. Rxg2 Rxg2 29. d5 Rg5 30. Bc5 bxc5 31. h4 Rxd5 0-1

[Event "Madrid-ch Sub12 2022"]
[Site "Madrid ESP"]
[Date "2022.04.09"]
[Round "5.6"]
[White "Rodriguez Claes, Adrian"]
[Black "Lopez Lopez, Pablo"]
[Result "1-0"]
[WhiteElo "1430"]
[BlackElo "1238"]
[PlyCount "51"]
[EventDate "2022.04.02"]
[EventType "swiss"]
[EventRounds "6"]
[EventCountry "ESP"]
[SourceTitle "Ajedrez en Madrid"]
[Source "lmi"]
[SourceDate "2022.07.30"]
[SourceVersion "1"]
[SourceVersionDate "2022.07.30"]
[SourceQuality "1"]

1. e4 c5 2. Nf3 Nc6 3. d4 cxd4 4. Nxd4 Nf6 5. Nc3 e5 6. Ndb5 d6 7. Bg5 h6 8.
Bxf6 Qxf6 9. Nd5 Qh4 10. Ndc7+ Kd8 11. Nxa8 Qxe4+ 12. Qe2 Qb4+ 13. c3 Qf4 14.
g3 Qg5 15. Bg2 Bg4 16. Qe3 Qg6 17. Nxa7 Nxa7 18. Qxa7 Qc2 19. O-O Qxb2 20. Qxb7
Qxc3 21. Rac1 Qa5 22. Qc7+ Qxc7 23. Rxc7 Be7 24. Rb1 Ke8 25. Rb8+ Bd8 26. Bc6+
1-0

[Event "Madrid-ch Sub12 2022"]
[Site "Madrid ESP"]
[Date "2022.04.09"]
[Round "5.7"]
[White "Sanchez Villodres, Mario"]
[Black "Pantiga Aguilar, Alejandro"]
[Result "1/2-1/2"]
[WhiteElo "1388"]
[BlackElo "1130"]
[PlyCount "66"]
[EventDate "2022.04.02"]
[EventType "swiss"]
[EventRounds "6"]
[EventCountry "ESP"]
[SourceTitle "Ajedrez en Madrid"]
[Source "lmi"]
[SourceDate "2022.07.30"]
[SourceVersion "1"]
[SourceVersionDate "2022.07.30"]
[SourceQuality "1"]

1. d4 d5 2. c4 e6 3. Nc3 Nf6 4. Bg5 Be7 5. e3 O-O 6. Nf3 Re8 7. Be2 c6 8. cxd5
cxd5 9. O-O Nc6 10. a3 h6 11. Bh4 a6 12. Qc2 Nh7 13. Bxe7 Qxe7 14. Bd3 Nf6 15.
Rfe1 Qc7 16. h3 Bd7 17. Rac1 Rac8 18. Qd1 Qd8 19. Nh2 Ne7 20. Ng4 Ng6 21. Qf3
Nxg4 22. Bxg6 fxg6 23. Qxg4 Kh7 24. Qg3 Qe7 25. Ne2 Rf8 26. Rf1 g5 27. Nc3 Kh8
28. Qh2 Kg8 29. Rce1 Qe8 30. f4 gxf4 31. Rxf4 Qg6 32. Rg4 Qd3 33. Qg3 Qh7
1/2-1/2

[Event "Madrid-ch Sub12 2022"]
[Site "Madrid ESP"]
[Date "2022.04.09"]
[Round "5.8"]
[White "Zhao, Yuyang"]
[Black "Morales Clares, Aaron"]
[Result "1-0"]
[WhiteElo "1438"]
[BlackElo "1130"]
[PlyCount "81"]
[EventDate "2022.04.02"]
[EventType "swiss"]
[EventRounds "6"]
[EventCountry "ESP"]
[SourceTitle "Ajedrez en Madrid"]
[Source "lmi"]
[SourceDate "2022.07.30"]
[SourceVersion "1"]
[SourceVersionDate "2022.07.30"]
[SourceQuality "1"]

1. d4 d5 2. Bf4 Nf6 3. e3 e6 4. Nf3 c5 5. c3 Qb6 6. b3 Be7 7. Bd3 c4 8. bxc4
Qb2 9. Qc2 Qxa1 10. O-O Ne4 11. Bxe4 dxe4 12. Ng5 Nc6 13. Nd2 Qxf1+ 14. Kxf1 f5
15. d5 exd5 16. cxd5 Nd8 17. f3 exf3 18. Ndxf3 b6 19. Ne5 Bb7 20. Qa4+ Kf8 21.
Ngf3 h6 22. Nd7+ Kf7 23. Nfe5+ Kg8 24. Qc4 Rc8 25. Qb3 Ba6+ 26. Kg1 Bd6 27. Qd1
Bb5 28. Qh5 g6 29. Qh4 Bxd7 30. Nxd7 Bxf4 31. Qxf4 Nf7 32. Qd4 Rd8 33. Qa4 Ra8
34. Nxb6 Re8 35. Qxe8+ Kg7 36. Qc6 axb6 37. Qxb6 Rd8 38. a4 Rxd5 39. a5 Rd6 40.
Qb7 Kh7 41. Qxf7+ 1-0

[Event "Madrid-ch Sub12 2022"]
[Site "Madrid ESP"]
[Date "2022.04.10"]
[Round "6.1"]
[White "Feal Albala, Alonso"]
[Black "Herraiz Ciudad, Miguel"]
[Result "1/2-1/2"]
[WhiteElo "1842"]
[BlackElo "1426"]
[PlyCount "55"]
[EventDate "2022.04.02"]
[EventType "swiss"]
[EventRounds "6"]
[EventCountry "ESP"]
[SourceTitle "Ajedrez en Madrid"]
[Source "lmi"]
[SourceDate "2022.07.30"]
[SourceVersion "1"]
[SourceVersionDate "2022.07.30"]
[SourceQuality "1"]

1. e4 e5 2. Nf3 Nc6 3. Bb5 a6 4. Ba4 Nf6 5. O-O b5 6. Bb3 Bc5 7. c3 O-O 8. d4
exd4 9. cxd4 Be7 10. Re1 d5 11. e5 Ne4 12. Qc2 Nb4 13. Qe2 Be6 14. a3 Nc6 15.
Nbd2 Ng5 16. Nxg5 Bxg5 17. Nf3 Be7 18. Be3 Na5 19. Bc2 Re8 20. Nd2 Nc4 21. Nxc4
bxc4 22. f4 Qd7 23. h3 Bf5 24. g4 Bxc2 25. Qxc2 Rab8 26. f5 Rb3 27. Kg2 Reb8
28. Bc1 1/2-1/2

[Event "Madrid-ch Sub12 2022"]
[Site "Madrid ESP"]
[Date "2022.04.10"]
[Round "6.2"]
[White "Collado Perez, Marcos"]
[Black "Rey Martinez, Jaime"]
[Result "0-1"]
[WhiteElo "1118"]
[BlackElo "2133"]
[PlyCount "86"]
[EventDate "2022.04.02"]
[EventType "swiss"]
[EventRounds "6"]
[EventCountry "ESP"]
[SourceTitle "Ajedrez en Madrid"]
[Source "lmi"]
[SourceDate "2022.07.30"]
[SourceVersion "1"]
[SourceVersionDate "2022.07.30"]
[SourceQuality "1"]

1. c4 e6 2. d4 d5 3. Nc3 c6 4. Nf3 dxc4 5. e4 b5 6. a4 Bb4 7. Bd2 a5 8. axb5
Bxc3 9. bxc3 cxb5 10. Qb1 Ba6 11. Be2 Ne7 12. O-O O-O 13. h4 Qc7 14. h5 Nd7 15.
h6 g6 16. g4 Bb7 17. Nh4 Qc6 18. Bf3 f6 19. g5 e5 20. d5 Qa6 21. Be2 Nc5 22.
gxf6 Qxf6 23. Ng2 Nb3 24. Ra2 g5 25. d6 Qxd6 26. Bxg5 Qg6 27. f4 Bxe4 28. Qe1
exf4 29. Qh4 Nf5 30. Qxf4 Bxg2 31. Kxg2 Nxh6 32. Qg3 Nf7 33. Bh5 Qxh5 34. Be7+
Qg6 35. Qxg6+ hxg6 36. Bxf8 Kxf8 37. Raf2 Ra7 38. Rf6 a4 39. R1f2 a3 40. Ra2
Kg7 41. Rb6 Nc1 42. Ra1 a2 43. Rxb5 Nb3 0-1